Länder, die einen Buchstaben enthalten - SS+ - Statistiken

Allgemein
  • Dieses Quiz wurde 431 mal gespielt
  • Das Durchschnittsergebnis liegt bei 7 aus 11
Antwortstatistiken
Hinweis Land % Korrekt
2 x S Russland
76%
2 x S Südsudan
69%
2 x S Kasachstan
68%
3 x S St. Kitts und Nevis
68%
2 x S Usbekistan
67%
2 x S Tadschikistan
66%
2 x S Aserbaidschan
58%
2 x S Kirgisistan
55%
2 x S Föderierte Staaten von Mikronesien
50%
2 x S Marshallinseln
46%
2 x S Guinea-Bissau
41%
Keine übereinstimmenden Quizze gefunden
Verteilung der Resultate
Anzahl Personen mit jedem Resultat
Perzentil nach korrekt beantworteten Fragen
Ihre Resultats-Entwicklung
Sie haben dieses Quiz noch nicht gespielt